Continents - Tile Select - Statistics

General Stats
  • This quiz has been taken 143 times
  • The average score is 36 of 48
Answer Stats
Question Tile Select % Correct
that have no landlocked countries. Africa No
98%
that have no landlocked countries. Asia No
98%
that have no landlocked countries. Europe No
97%
that have no landlocked countries. South America No
95%
that have no landlocked countries. Oceania Yes
94%
where at least two popes were born. Oceania No
94%
that border the Mediterranean. Europe Yes
92%
that border the Mediterranean. North America No
92%
that border the Mediterranean. Oceania No
92%
that border the Mediterranean. South America No
92%
where at least two popes were born. Europe Yes
91%
where the two biggest countries by area border each other. Oceania No
91%
that have a country smaller than 200 square kilometers. Europe Yes
90%
that have a country smaller than 200 square kilometers. South America No
89%
that border the Mediterranean. Africa Yes
88%
where the two biggest countries by area border each other. Asia Yes
88%
that border the Mediterranean. Asia Yes
88%
that have no landlocked countries. North America Yes
88%
that have no G7 countries. North America No
87%
that have no G7 countries. Europe No
86%
that have a country smaller than 200 square kilometers. Oceania Yes
85%
that are named after a real person. Oceania No
84%
where the two biggest countries by area border each other. North America Yes
82%
where the two biggest countries by area border each other. Africa No
81%
that are named after a real person. Asia No
81%
that have no G7 countries. Asia No
79%
that are named after a real person. Africa No
78%
that have one of the three least-dense populated countries. South America No
76%
that have no G7 countries. Africa Yes
74%
that are named after a real person. North America Yes
74%
that are named after a real person. South America Yes
74%
that are named after a real person. Europe No
73%
where at least two popes were born. North America No
72%
where at least two popes were born. Africa No
70%
that have one of the three least-dense populated countries. North America No
70%
where the two biggest countries by area border each other. South America Yes
66%
that have one of the three least-dense populated countries. Asia Yes
65%
that have no G7 countries. Oceania Yes
64%
that have one of the three least-dense populated countries. Oceania Yes
64%
where at least two popes were born. South America No
60%
that have no G7 countries. South America Yes
60%
that have one of the three least-dense populated countries. Europe No
59%
that have a country smaller than 200 square kilometers. Africa No
46%
that have one of the three least-dense populated countries. Africa Yes
35%
that have a country smaller than 200 square kilometers. North America No
35%
where at least two popes were born. Asia Yes
33%
that have a country smaller than 200 square kilometers. Asia No
31%
where the two biggest countries by area border each other. Europe Yes
27%
No matching quizzes found
Score Distribution
Percent of People with Each Score
Percentile by Number Answered
Your Score History
You have not taken this quiz